[Event "Titled Tuesday intern op 03rd Jan Late"]
[Site "Chess.com INT"]
[Date "2025.06.03"]
[Round "4"]
[White "Pulido Alvarez, Ariel"]
[Black "Minko, Dmitry"]
[Result "0-1"]
[WhiteElo "2252"]
[BlackElo "2247"]
[PlyCount "60"]
[EventDate "2025.06.03"]
[EventType "swiss (blitz)"]
[EventRounds "11"]
[EventCountry "USA"]
[SourceTitle "CB24_2025"]
[SourceDate "2025.06.11"]
[SourceVersion "1"]
[SourceVersionDate "2025.06.11"]
[SourceQuality "1"]

1. e4 e5 2. Nf3 Nc6 3. d4 exd4 4. Nxd4 Bc5 5. Be3 Qf6 6. c3 Nge7 7. g3 d6 8. Bg2 h5 9. h4 Bg4 10. Qa4 0-0 11. Nxc6 Nxc6 12. Bxc5 dxc5 13. 0-0 Rad8 14. Na3 Ne5 15. f4 Nd3 16. Nc4 a6 17. e5 Qg6 18. Bxb7 Be2 19. Kh2 Bxf1 20. Rxf1 Rb8 21. f5 Qh6 22. Qc2 Rfd8 23. Bxa6 Qxa6 24. b3 Qc6 25. Qe2 Qd5 26. Qxh5 Nxe5 27. f6 Nxc4 28. Qg4 g6 29. bxc4 Qd2+ 30. Kh3 Qd7 0-1

[Event "Titled Tuesday intern op 04th Mar Early"]
[Site "Chess.com INT"]
[Date "2025.03.04"]
[Round "11"]
[White "Goldin, Roman"]
[Black "Minko, Dmitry"]
[Result "1-0"]
[WhiteElo "2290"]
[BlackElo "2247"]
[PlyCount "53"]
[EventDate "2025.03.04"]
[EventType "swiss (blitz)"]
[EventRounds "11"]
[EventCountry "USA"]
[SourceTitle "CB11_2025"]
[SourceDate "2025.03.12"]
[SourceVersion "1"]
[SourceVersionDate "2025.03.12"]
[SourceQuality "1"]

1. Nf3 d5 2. b3 Nf6 3. Bb2 g6 4. e3 Bg7 5. c4 0-0 6. Be2 dxc4 7. bxc4 c5 8. 0-0 Bg4 9. h3 Bf5 10. d3 Nc6 11. Nc3 Qa5 12. Rb1 Rfd8 13. Nd5 Nxd5 14. cxd5 Rxd5 15. Bxg7 Kxg7 16. Rxb7 Rad8 17. e4 R5d7 18. Qa1+ Kg8 19. Rxd7 Bxd7 20. Rc1 Be6 21. Qc3 Qxa2 22. Bf1 Nd4 23. Qxc5 Ne2+ 24. Bxe2 Qxe2 25. Qxe7 Qxd3 26. Ne5 Rf8 27. Nxd3 1-0

[Event "Titled Tuesday intern op 04th Mar Early"]
[Site "Chess.com INT"]
[Date "2025.03.04"]
[Round "5"]
[White "Lichtmannecker, Daniel"]
[Black "Minko, Dmitry"]
[Result "1/2-1/2"]
[WhiteElo "2181"]
[BlackElo "2247"]
[PlyCount "146"]
[EventDate "2025.03.04"]
[EventType "swiss (blitz)"]
[EventRounds "11"]
[EventCountry "USA"]
[SourceTitle "CB11_2025"]
[SourceDate "2025.03.12"]
[SourceVersion "1"]
[SourceVersionDate "2025.03.12"]
[SourceQuality "1"]

1. d4 d5 2. Nc3 c6 3. Bf4 Qb6 4. Na4 Qa5+ 5. c3 Nd7 6. b4 Qd8 7. Nf3 Ngf6 8. e3 a6 9. h3 g6 10. Bd3 Bg7 11. 0-0 0-0 12. Nc5 Re8 13. Nxd7 Bxd7 14. Ne5 Qc8 15. a4 Bf5 16. Be2 Nd7 17. g4 Nxe5 18. gxf5 Nc4 19. Bxc4 dxc4 20. fxg6 Qxh3 21. gxf7+ Kxf7 22. Bg3 Bf6 23. Qf3 h5 24. Qg2 Qe6 25. Kh2 Rg8 26. Qh3 Qd5 27. Rg1 Rg4 28. Raf1 Rag8 29. f3 R4g6 30. e4 Qd8 31. Bh4 Rxg1 32. Rxg1 Rxg1 33. Kxg1 Qg8+ 34. Kf2 Bg5 35. Qf5+ Bf6 36. Qxh5+ Ke6 37. Qf5+ Kf7 38. e5 Qh8 39. Bg3 Qh6 40. exf6 Qd2+ 41. Kg1 exf6 42. Qd7+ Kg6 43. Qg4+ Kf7 44. Qh5+ Ke6 45. Qe8+ Kf5 46. Qe4+ Kg5 47. Bh4+ Kh6 48. Be1 Qg5+ 49. Qg4 Qe3+ 50. Bf2 Qxc3 51. Qf4+ Kg6 52. Qe4+ Kf7 53. b5 axb5 54. axb5 Qc1+ 55. Kg2 Qg5+ 56. Bg3 Qxb5 57. Qh7+ Ke6 58. Qg8+ Ke7 59. Qg7+ Ke6 60. Qg4+ Qf5 61. Qe4+ Qxe4 62. fxe4 f5 63. e5 b5 64. Kf3 Kd5 65. Ke3 b4 66. Be1 c5 67. dxc5 Kxe5 68. Bxb4 Kd5 69. Kf4 c3 70. Kxf5 c2 71. Ba3 Kc6 72. Ke4 c1Q 73. Bxc1 Kxc5 1/2-1/2

[Event "Titled Tuesday intern op 11th Feb Early"]
[Site "Chess.com INT"]
[Date "2025.02.11"]
[Round "3"]
[White "Shirov, Alexei"]
[Black "Minko, Dmitry"]
[Result "1-0"]
[WhiteElo "2648"]
[BlackElo "2247"]
[PlyCount "63"]
[EventDate "2025.02.11"]
[EventType "swiss (blitz)"]
[EventRounds "11"]
[EventCountry "USA"]
[SourceTitle "CB09_2025"]
[SourceDate "2025.02.27"]
[SourceVersion "1"]
[SourceVersionDate "2025.02.27"]
[SourceQuality "1"]

1. e4 e5 2. Nf3 Nc6 3. Bb5 Nf6 4. d3 Ne7 5. 0-0 c6 6. Ba4 Ng6 7. d4 Nxe4 8. dxe5 d5 9. c4 Be6 10. cxd5 Bxd5 11. Qe2 Nc5 12. Bc2 Be7 13. Nc3 Be6 14. Be3 0-0 15. Nd4 Nh4 16. f4 b5 17. f5 Bc4 18. Qg4 Bxf1 19. Rxf1 Qc8 20. Qg3 Ng6 21. fxg6 fxg6 22. Ne4 Rxf1+ 23. Kxf1 Nxe4 24. Bxe4 c5 25. Bxa8 cxd4 26. Bd5+ Kh8 27. Bd2 Qc2 28. Qe1 Qxb2 29. Qc1 Qa3 30. Qxa3 Bxa3 31. Ke2 g5 32. Kd3 1-0

[Event "Titled Tuesday intern op 04th Feb Late"]
[Site "Chess.com INT"]
[Date "2025.02.04"]
[Round "3"]
[White "Bogoevski, Jani"]
[Black "Minko, Dmitry"]
[Result "0-1"]
[WhiteElo "2144"]
[BlackElo "2247"]
[PlyCount "80"]
[EventDate "2025.02.04"]
[EventType "swiss (blitz)"]
[EventRounds "11"]
[EventCountry "USA"]
[SourceTitle "CB07_2025"]
[SourceDate "2025.02.12"]
[SourceVersion "1"]
[SourceVersionDate "2025.02.12"]
[SourceQuality "1"]

1. d4 d5 2. Nf3 Nf6 3. c4 e6 4. g3 dxc4 5. Bg2 c5 6. 0-0 Nc6 7. Qa4 Bd7 8. Qxc4 b5 9. Qd3 Rc8 10. dxc5 Bxc5 11. Bg5 Nb4 12. Qd1 Nc2 13. Nc3 Nxa1 14. Qxa1 Bc6 15. Rd1 Qe7 16. Ne5 Bxg2 17. Kxg2 h6 18. Rd7 Qxd7 19. Nxd7 Nxd7 20. Bf4 a6 21. a4 b4 22. Ne4 0-0 23. Qd1 Rfd8 24. Qb3 a5 25. h4 e5 26. Be3 Bxe3 27. Qxe3 Rc2 28. Nd6 Rxb2 29. Qf3 Nf6 30. Qb7 Rf8 31. Kf3 Rb3+ 32. e3 Ra3 33. Nf5 b3 34. g4 e4+ 35. Kg2 Rxa4 36. g5 Rb4 37. Qd7 Nxd7 38. gxh6 gxh6 39. Nxh6+ Kh7 40. Nf5 b2 0-1

[Event "Titled Tuesday intern op 11th Jun Late"]
[Site "Chess.com INT"]
[Date "2024.06.11"]
[Round "4"]
[White "Minko, Dmitry"]
[Black "Del Rosario Batista, Nobel Oscar"]
[Result "0-1"]
[WhiteElo "2247"]
[BlackElo "1951"]
[PlyCount "56"]
[EventDate "2024.06.11"]
[EventType "swiss (blitz)"]
[EventRounds "11"]
[EventCountry "USA"]
[SourceTitle "EXT 2025"]
[Source "ChessBase"]
[SourceDate "2024.10.14"]
[SourceVersion "1"]
[SourceVersionDate "2024.10.14"]
[SourceQuality "1"]

1. e4 d5 2. exd5 Qxd5 3. d4 e5 4. Nf3 exd4 5. c4 Bb4+ 6. Nbd2 Qd8 7. Bd3 Nf6 8. 0-0 0-0 9. a3 Bd6 10. Ne4 Nxe4 11. Bxe4 c5 12. Qd3 f5 13. Bd5+ Kh8 14. Ng5 Qf6 15. Re1 Nc6 16. Re8 Rxe8 17. Nf7+ Kg8 18. Nxd6+ Be6 19. Nxe8 Rxe8 20. Bf4 Ne7 21. Bxb7 Ng6 22. Bd6 Bxc4 23. Qxc4+ Kh8 24. Bxc5 d3 25. Qxd3 Qxb2 26. Rb1 Nf4 27. Qxf5 Qxb7 28. Be3 Qxg2# 0-1

[Event "Titled Tuesday intern op 11th Jun Late"]
[Site "Chess.com INT"]
[Date "2024.06.11"]
[Round "7"]
[White "Slate, Kent"]
[Black "Minko, Dmitry"]
[Result "1-0"]
[WhiteElo "2065"]
[BlackElo "2247"]
[PlyCount "57"]
[EventDate "2024.06.11"]
[EventType "swiss (blitz)"]
[EventRounds "11"]
[EventCountry "USA"]
[SourceTitle "EXT 2025"]
[Source "ChessBase"]
[SourceDate "2024.10.14"]
[SourceVersion "1"]
[SourceVersionDate "2024.10.14"]
[SourceQuality "1"]

1. e4 e5 2. Nf3 Nc6 3. Bc4 Nf6 4. d3 h6 5. c3 g6 6. 0-0 Bg7 7. h3 0-0 8. Re1 d5 9. exd5 Nxd5 10. Nbd2 Kh7 11. Bb3 Nf4 12. d4 exd4 13. Ne4 Ne6 14. Bd2 a5 15. cxd4 Nexd4 16. Bc3 Nxb3 17. Qxb3 Be6 18. Qc2 Nb4 19. Qe2 Nd5 20. Bxg7 Kxg7 21. Rad1 Re8 22. Qc4 c6 23. Nd4 Qb6 24. Nc5 Bxh3 25. gxh3 Nf4 26. Qc3 Kh7 27. Nde6 fxe6 28. Rd7+ Re7 29. Rxe7+ 1-0

[Event "Titled Tuesday intern op 21st May Early"]
[Site "Chess.com INT"]
[Date "2024.05.21"]
[Round "3"]
[White "Kiseleva, Arina"]
[Black "Minko, Dmitry"]
[Result "1-0"]
[WhiteElo "1941"]
[BlackElo "2247"]
[PlyCount "167"]
[EventDate "2024.05.21"]
[EventType "swiss (blitz)"]
[EventRounds "11"]
[EventCountry "USA"]
[SourceTitle "CBM 220 Extra"]
[Source "ChessBase"]
[SourceDate "2024.07.31"]
[SourceVersion "1"]
[SourceVersionDate "2024.07.31"]
[SourceQuality "1"]

1. d4 d5 2. Nf3 Nf6 3. e3 e6 4. Bd3 a6 5. 0-0 c5 6. b3 Nc6 7. Nbd2 Bd6 8. Bb2 cxd4 9. exd4 Bd7 10. a3 Qb6 11. c4 Bf4 12. c5 Qc7 13. g3 Bh6 14. b4 0-0 15. Re1 Rae8 16. Ne5 Bc8 17. f4 Nxe5 18. dxe5 Nd7 19. Nf3 b6 20. cxb6 Nxb6 21. Rc1 Qb7 22. Bd4 Bd7 23. Bc5 g6 24. Bxf8 Bxf8 25. Nd4 Na4 26. Kh1 a5 27. b5 Nb2 28. Qc2 Bxa3 29. Ra1 Nxd3 30. Qxd3 Bb4 31. Rec1 Rc8 32. Rxc8+ Qxc8 33. Nc6 Bxc6 34. Rc1 a4 35. bxc6 Qc7 36. Qb5 Bd2 37. Qb7 Qa5 38. c7 Bxc1 39. c8Q+ Kg7 40. Qxc1 a3 41. Qa1 d4 42. Qxd4 Qe1+ 43. Kg2 a2 44. Qba7 Qe2+ 45. Kh3 Qh5+ 46. Kg2 Qe2+ 47. Qf2 Qe4+ 48. Kg1 Qb1+ 49. Qf1 Qe4 50. Qxa2 Qe3+ 51. Qaf2 Qe4 52. Qf3 Qf5 53. Q1f2 Qb1+ 54. Kg2 Qb8 55. h3 h5 56. Q2e3 Qb2+ 57. Qfe2 Qb4 58. Qe4 Qb3 59. g4 hxg4 60. hxg4 Qa3 61. f5 Qa5 62. f6+ Kg8 63. Q2c2 Qa6 64. Qec6 Qa5 65. Qc8+ Kh7 66. Q8c3 Qd5+ 67. Qf3 Qxe5 68. Qg3 Qd5+ 69. Qf3 Qg5 70. Qh3+ Qh6 71. Qc8 Qxh3+ 72. Kxh3 Kh6 73. Qh8+ Kg5 74. Qh4+ Kf4 75. g5+ Kf5 76. Qh6 Ke5 77. Qg7 Kf5 78. Qxf7 e5 79. Qe7 Kxg5 80. f7+ Kh6 81. f8Q+ Kh5 82. Qfe8 e4 83. Qe5+ Kh6 84. Q8h8# 1-0

[Event "Titled Tuesday intern op 21st May Late"]
[Site "Chess.com INT"]
[Date "2024.05.21"]
[Round "2"]
[White "Minko, Dmitry"]
[Black "Onyshchuk, Volodymyr"]
[Result "0-1"]
[WhiteElo "2247"]
[BlackElo "2619"]
[PlyCount "74"]
[EventDate "2024.05.21"]
[EventType "swiss (blitz)"]
[EventRounds "11"]
[EventCountry "USA"]
[SourceTitle "CBM 220 Extra"]
[Source "ChessBase"]
[SourceDate "2024.07.31"]
[SourceVersion "1"]
[SourceVersionDate "2024.07.31"]
[SourceQuality "1"]

1. e4 d6 2. d4 Nf6 3. Nc3 g6 4. f4 Bg7 5. Nf3 0-0 6. Be3 b6 7. Bd3 Bb7 8. h3 c5 9. e5 Nh5 10. Qd2 Bxf3 11. gxf3 cxd4 12. Bxd4 Nc6 13. Be3 dxe5 14. f5 Nd4 15. Bxd4 exd4 16. Ne2 Rc8 17. 0-0-0 Qd5 18. Kb1 Qxf3 19. Rdf1 Qe3 20. Qe1 Rc5 21. Rhg1 Rfc8 22. fxg6 hxg6 23. Qd1 e5 24. Rg4 Nf6 25. Rg3 Qh6 26. Nc1 e4 27. Ba6 Rd8 28. Nb3 Rg5 29. Rxg5 Qxg5 30. Qe1 Qe5 31. h4 d3 32. c3 Nd5 33. Nd4 Nxc3+ 34. bxc3 Rxd4 35. cxd4 Qxd4 36. Kc1 Qb2+ 37. Kd1 Qc2# 0-1

[Event "Titled Tuesday intern op 21st May Early"]
[Site "Chess.com INT"]
[Date "2024.05.21"]
[Round "4"]
[White "Minko, Dmitry"]
[Black "Yedidia, Jonathan"]
[Result "0-1"]
[WhiteElo "2247"]
[BlackElo "2361"]
[PlyCount "118"]
[EventDate "2024.05.21"]
[EventType "swiss (blitz)"]
[EventRounds "11"]
[EventCountry "USA"]
[SourceTitle "CBM 220 Extra"]
[Source "ChessBase"]
[SourceDate "2024.07.31"]
[SourceVersion "1"]
[SourceVersionDate "2024.07.31"]
[SourceQuality "1"]

1. e4 d6 2. d4 Nf6 3. Nc3 e5 4. Nf3 Nbd7 5. Bc4 Be7 6. 0-0 0-0 7. h3 c6 8. a4 h6 9. Re1 Re8 10. Be3 exd4 11. Nxd4 Bf8 12. Bf4 Nc5 13. e5 dxe5 14. Bxe5 Ncd7 15. Bg3 Rxe1+ 16. Qxe1 Qb6 17. Nf5 Qxb2 18. Ra2 Qb4 19. Bb3 Nd5 20. Bxd5 cxd5 21. Qe8 Nf6 22. Qd8 Bxf5 23. Qxa8 Qxc3 24. Bd6 Qc8 25. Qxc8 Bxc8 26. Bxf8 Kxf8 27. Kf1 Ke7 28. Ra3 Bd7 29. a5 a6 30. Rg3 g6 31. Rb3 Bb5+ 32. Ke1 Kd6 33. Re3 d4 34. Rf3 Ke5 35. Ra3 Bc4 36. f3 Nd5 37. Kd2 Ne3 38. g3 Nf1+ 39. Ke1 Nxg3 40. Kf2 Nf5 41. Ra4 Ne3 42. Ra1 Nxc2 43. Rc1 d3 44. Rb1 Bb5 45. Rd1 Kd4 46. f4 Kc3 47. Kf3 d2 48. f5 gxf5 49. Rg1 Ne1+ 50. Kf2 d1Q 51. Rxe1 Qd2+ 52. Kf3 Qxe1 53. h4 Qe4+ 54. Kf2 Qxh4+ 55. Kf3 Qg4+ 56. Ke3 f4+ 57. Ke4 f3+ 58. Kd5 Qe6+ 59. Kc5 Qc6# 0-1

[Event "Titled Tuesday intern op 21st May Late"]
[Site "Chess.com INT"]
[Date "2024.05.21"]
[Round "1"]
[White "Samborski, Henryk"]
[Black "Minko, Dmitry"]
[Result "0-1"]
[WhiteElo "2083"]
[BlackElo "2247"]
[PlyCount "52"]
[EventDate "2024.05.21"]
[EventType "swiss (blitz)"]
[EventRounds "11"]
[EventCountry "USA"]
[SourceTitle "CBM 220 Extra"]
[Source "ChessBase"]
[SourceDate "2024.07.31"]
[SourceVersion "1"]
[SourceVersionDate "2024.07.31"]
[SourceQuality "1"]

1. Nf3 d5 2. g3 Nf6 3. Bg2 Bg4 4. 0-0 c6 5. d3 Nbd7 6. h3 Bxf3 7. Bxf3 e6 8. Bg2 Bd6 9. c4 0-0 10. cxd5 cxd5 11. Nc3 a6 12. Bd2 Qb6 13. Qb3 Qxb3 14. axb3 Nc5 15. Bg5 Nxb3 16. Rad1 Nd7 17. e4 d4 18. Ne2 e5 19. f4 Rac8 20. fxe5 Bxe5 21. Bf4 Rc2 22. Bxe5 Nxe5 23. Rf5 f6 24. Nf4 g6 25. Rxe5 fxe5 26. Nd5 Rff2 0-1

[Event "Titled Tuesday intern op 14th May Late"]
[Site "Chess.com INT"]
[Date "2024.05.14"]
[Round "3"]
[White "Boyer, Mahel"]
[Black "Minko, Dmitry"]
[Result "1/2-1/2"]
[WhiteElo "2455"]
[BlackElo "2247"]
[PlyCount "139"]
[EventDate "2024.05.14"]
[EventType "swiss (blitz)"]
[EventRounds "11"]
[EventCountry "USA"]
[SourceTitle "CBM 220 Extra"]
[Source "ChessBase"]
[SourceDate "2024.07.31"]
[SourceVersion "1"]
[SourceVersionDate "2024.07.31"]
[SourceQuality "1"]

1. d4 d5 2. c4 e6 3. Nc3 Be7 4. cxd5 exd5 5. Bf4 c6 6. e3 Nf6 7. Bd3 Bg4 8. Nge2 Bh5 9. 0-0 Bg6 10. Ng3 Qd7 11. Be5 Na6 12. f4 Bxd3 13. Qxd3 Ng4 14. Bxg7 Rg8 15. Nf5 Nb4 16. Qb1 Nxe3 17. Nxe3 Rxg7 18. Nf5 Rg6 19. Re1 Re6 20. Ng7+ Kd8 21. Nxe6+ fxe6 22. a3 Na6 23. Qxh7 Kc7 24. f5 Bf6 25. Qxd7+ Kxd7 26. fxe6+ Ke7 27. Rad1 Nc7 28. Ne2 Kxe6 29. Ng3+ Kd7 30. Nh5 Bg5 31. Re5 Rg8 32. Rf1 Ne6 33. Rf7+ Kd6 34. Nf6 Rd8 35. g3 Nxd4 36. Rxg5 Nf3+ 37. Kg2 Nxg5 38. Rxb7 Rf8 39. Ng4 a5 40. h4 Ne4 41. h5 Rg8 42. Kh3 Ng5+ 43. Kg2 Ne4 44. Kh3 Ng5+ 45. Kh2 Nf3+ 46. Kg2 Ng5 47. Nh6 Rh8 48. Nf5+ Ke5 49. g4 Kf4 50. Nd6 Kxg4 51. Rg7 Rxh5 52. Nf7 Kf5 53. Nd8 Ne6 54. Rf7+ Kg6 55. Rd7 Nxd8 56. Rxd8 Rh6 57. Kf3 Kf5 58. Ke3 Ke5 59. Re8+ Kd6 60. Ra8 Rh3+ 61. Kd2 Rh2+ 62. Kc3 Rh3+ 63. Kc2 d4 64. Rxa5 c5 65. Ra8 Kd5 66. b3 Rh2+ 67. Kd3 Rh3+ 68. Kc2 Rh2+ 69. Kd3 Rh3+ 70. Kc2 1/2-1/2

[Event "Titled Tuesday intern op 14th May Late"]
[Site "Chess.com INT"]
[Date "2024.05.14"]
[Round "6"]
[White "Dwilewicz, Katarzyna"]
[Black "Minko, Dmitry"]
[Result "0-1"]
[WhiteElo "2130"]
[BlackElo "2247"]
[PlyCount "112"]
[EventDate "2024.05.14"]
[EventType "swiss (blitz)"]
[EventRounds "11"]
[EventCountry "USA"]
[SourceTitle "CBM 220 Extra"]
[Source "ChessBase"]
[SourceDate "2024.07.31"]
[SourceVersion "1"]
[SourceVersionDate "2024.07.31"]
[SourceQuality "1"]

1. e4 e5 2. Nf3 Nc6 3. Bc4 Nf6 4. d3 h6 5. 0-0 g6 6. c3 Bg7 7. d4 exd4 8. e5 Ne4 9. cxd4 d5 10. Bb3 0-0 11. h3 Na5 12. Bc2 b6 13. Nc3 Nxc3 14. bxc3 c5 15. Re1 Re8 16. Bf4 Nc4 17. Nd2 Nxd2 18. Qxd2 Be6 19. Bxh6 cxd4 20. cxd4 Rc8 21. Ba4 Bd7 22. Bb3 Bb5 23. Rac1 Qd7 24. Qf4 Bc4 25. Bxc4 dxc4 26. Bxg7 Kxg7 27. Rc3 b5 28. h4 Rcd8 29. Re4 Qf5 30. Qxf5 gxf5 31. Rf4 Rd5 32. Rg3+ Kf8 33. Ra3 Re7 34. Rc3 Red7 35. Rxf5 Rxd4 36. e6 Re7 37. Rxf7+ Rxf7 38. exf7 Kxf7 39. a3 Rxh4 40. Kf1 a5 41. Ke2 b4 42. axb4 axb4 43. Rf3+ Ke6 44. Kd2 Kd5 45. Rf8 Rh6 46. Rd8+ Ke4 47. Re8+ Kd4 48. Rd8+ Kc5 49. Rc8+ Kb5 50. g4 Rf6 51. Ke3 b3 52. Rd8 b2 53. Rd1 c3 54. g5 c2 55. Rd5+ Kc4 56. Rd8 c1Q+ 0-1

[Event "Titled Tuesday intern op 13th Feb Early"]
[Site "Chess.com INT"]
[Date "2024.02.13"]
[Round "2"]
[White "Minko, Dmitry"]
[Black "Mgeladze, Tamaz"]
[Result "1/2-1/2"]
[WhiteElo "2247"]
[BlackElo "2388"]
[PlyCount "100"]
[EventDate "2024.02.13"]
[EventType "swiss (blitz)"]
[EventRounds "11"]
[EventCountry "USA"]
[SourceTitle "CBM 218 Extra"]
[Source "ChessBase"]
[SourceDate "2024.03.31"]
[SourceVersion "1"]
[SourceVersionDate "2024.03.31"]
[SourceQuality "1"]

1. e4 c5 2. Nf3 g6 3. d4 cxd4 4. Nxd4 Bg7 5. c4 Nc6 6. Be3 Qb6 7. Nb3 Qd8 8. Nc3 Bxc3+ 9. bxc3 Nf6 10. f3 0-0 11. c5 b6 12. Be2 bxc5 13. Bxc5 d5 14. exd5 Qxd5 15. 0-0 Be6 16. Qxd5 Nxd5 17. Rac1 Rac8 18. Ba6 Rc7 19. Nd4 Nxd4 20. cxd4 Rb8 21. Rb1 Rxb1 22. Rxb1 Nb6 23. a3 Rc6 24. Kf2 Kf8 25. a4 Bc4 26. Bxc4 Nxc4 27. Bxa7 Ra6 28. Bc5 Rxa4 29. Re1 Nd6 30. Re2 Ra6 31. g4 e6 32. Kg3 Ke8 33. d5 Nc4 34. dxe6 Rxe6 35. Rxe6+ fxe6 36. Bd4 Ke7 37. Kf4 Kd6 38. Bg7 e5+ 39. Ke4 Ke6 40. h4 Nd6+ 41. Ke3 Nc4+ 42. Ke4 Nd6+ 43. Ke3 Ne8 44. Bh8 h5 45. gxh5 gxh5 46. f4 Nd6 47. fxe5 Nf5+ 48. Kf4 Nxh4 49. Kg5 Nf3+ 50. Kxh5 Nxe5 1/2-1/2

[Event "Titled Tuesday intern op 23rd Jan Late"]
[Site "Chess.com INT"]
[Date "2024.01.23"]
[Round "2"]
[White "Polok, Kacper"]
[Black "Minko, Dmitry"]
[Result "1-0"]
[WhiteElo "2247"]
[BlackElo "2247"]
[PlyCount "91"]
[EventDate "2024.01.23"]
[EventType "swiss (blitz)"]
[EventRounds "11"]
[EventCountry "USA"]
[SourceTitle "CBM 218 Extra"]
[Source "ChessBase"]
[SourceDate "2024.03.31"]
[SourceVersion "1"]
[SourceVersionDate "2024.03.31"]
[SourceQuality "1"]

1. e4 e5 2. Nf3 Nc6 3. Bb5 Nf6 4. Qe2 g6 5. c3 Bg7 6. 0-0 0-0 7. Rd1 d6 8. d3 h6 9. Nbd2 Kh7 10. Nf1 Nh5 11. h3 f5 12. N1h2 Nf6 13. Ba4 Be6 14. Bc2 fxe4 15. dxe4 Qe7 16. Nd2 Rf7 17. Ndf1 Raf8 18. Ne3 Nh5 19. Rf1 Nf4 20. Qd1 Qh4 21. Nd5 Ne7 22. Nxf4 exf4 23. f3 Qg5 24. Bd2 Bxh3 25. Qe2 Be6 26. Be1 Qc5+ 27. Bf2 Qc6 28. Rad1 Bc4 29. Bd3 Bxa2 30. Bb5 Bb3 31. Bxc6 Bxd1 32. Rxd1 Nxc6 33. Bd4 h5 34. Bxg7 Rxg7 35. b4 Ne5 36. Nf1 a6 37. Nd2 b5 38. Nb3 g5 39. Nd4 Re7 40. Nf5 Ree8 41. Qa2 Kg6 42. Qxa6 g4 43. Kf2 Rb8 44. Rxd6+ cxd6 45. Qxd6+ Kh7 46. Qh6+ 1-0

[Event "Titled Tuesday intern op 05th Dec Late"]
[Site "Chess.com INT"]
[Date "2023.12.05"]
[Round "2"]
[White "Gao, Raymond"]
[Black "Minko, Dmitry"]
[Result "0-1"]
[WhiteElo "2001"]
[BlackElo "2247"]
[PlyCount "108"]
[EventDate "2023.12.05"]
[EventType "swiss (blitz)"]
[EventRounds "11"]
[EventCountry "USA"]
[SourceTitle "EXT 2025"]
[Source "ChessBase"]
[SourceDate "2024.10.14"]
[SourceVersion "1"]
[SourceVersionDate "2024.10.14"]
[SourceQuality "1"]

1. Nf3 d5 2. d4 Nf6 3. Bf4 e6 4. e3 c5 5. Nbd2 Nc6 6. c3 Nh5 7. Bg5 Qb6 8. Rb1 h6 9. Bh4 g5 10. Ne5 Nxe5 11. Qxh5 Ng6 12. Bg3 Bg7 13. Bd3 Ne7 14. a3 Bd7 15. h4 0-0-0 16. Qxf7 cxd4 17. cxd4 Bxd4 18. exd4 Nc6 19. hxg5 Qxd4 20. Qf4 Qb6 21. Rc1 e5 22. Qxe5 Rhe8 23. gxh6 Rxe5+ 24. Bxe5 Re8 25. Nf3 Kd8 26. Kf1 Nxe5 27. Nxe5 Qxb2 28. Nf7+ Ke7 29. Re1+ Kxf7 30. Rxe8 Bxe8 31. Rh3 Qa1+ 32. Ke2 Qe5+ 33. Kd2 Qg5+ 34. Ke2 Qe5+ 35. Kd2 Qb2+ 36. Ke3 d4+ 37. Kf4 Qc1+ 38. Kg3 Qg5+ 39. Kh2 Qe5+ 40. Kg1 Bc6 41. h7 Qh8 42. Rg3 Qe8 43. Rg8 Qe1+ 44. Kh2 Qe5+ 45. g3 Qd5 46. Kh3 Qg2+ 47. Kg4 Qf3+ 48. Kh4 Qxd3 49. h8Q Qe4+ 50. Rg4 Qh1+ 51. Kg5 Qxh8 52. Rf4+ Ke7 53. Re4+ Bxe4 54. f3 Bxf3 0-1

[Event "Titled Tuesday intern op 05th Dec Late"]
[Site "Chess.com INT"]
[Date "2023.12.05"]
[Round "6"]
[White "Golubev, Mikhail"]
[Black "Minko, Dmitry"]
[Result "0-1"]
[WhiteElo "2461"]
[BlackElo "2247"]
[PlyCount "62"]
[EventDate "2023.12.05"]
[EventType "swiss (blitz)"]
[EventRounds "11"]
[EventCountry "USA"]
[SourceTitle "EXT 2025"]
[Source "ChessBase"]
[SourceDate "2024.10.14"]
[SourceVersion "1"]
[SourceVersionDate "2024.10.14"]
[SourceQuality "1"]

1. e4 e5 2. Nf3 Nc6 3. Bc4 Nf6 4. Ng5 d5 5. exd5 Nd4 6. c3 b5 7. Bf1 Nxd5 8. Nxf7 Kxf7 9. cxd4 exd4 10. Bxb5 Bd6 11. Qf3+ Nf6 12. Bc4+ Kg6 13. 0-0 Bg4 14. Qb3 Rf8 15. Bd3+ Kh6 16. h3 Bxh3 17. gxh3 Nh5 18. Be2 Nf4 19. d3 Qg5+ 20. Bg4 Rae8 21. Qd1 Kg6 22. Qf3 h5 23. Bxf4 Rxf4 24. Qc6 Ref8 25. Nd2 hxg4 26. Ne4 Qh4 27. Ng3 Qxh3 28. Rae1 Rxf2 29. Re6+ R2f6 30. Rfxf6+ Rxf6 31. Qe4+ Kg5 0-1